01618nam a2200361 a 4500001001000000003000500010005001700015008004100032010001100073011001100084040000900095090001000104100004700114245017200161260004100333500006000374502007900434590004100513590004000554590004000594650005900634650005700693650004500750650003400795700003900829856007000868901000700938942001000945942000600955999001900961952013600980952014001116000112999CHAP20220329144332.0170310s2016 mx sm |||||||spa d a109460 a110432 cCHAP aTesis1 aFernández Diego, Franklin Efrain913171410aProducción de pepino (Cucumis sativus L.) y tilapia (Oreochromis spp.) en acuaponiah[En línea]cpor Franklin Efrain Fernández Diego y Sergio Nicolás Julián. aChapingo, Méx. :bEl autor,c2016. aPara ver el contenido del material haga clic en la liga aTesis (Agr. en Horticultura Protegida) -- UACH. Departamento de Fitotecnia aBATCH-UPDb05c20170310lUCH01h0940 aE5765TAJb05c20170310lUCH01h0940 aE5765TAJb05c20170310lUCH01h094014aCultivos acuapónicosxSoluciones nutritivas.913171614aPepinoxCultivos acuapónicosxRendimiento.913150114aTilapiaxCultivos acuapónicos.912635814aTilapiaxRendimiento.91272671 aNicolás Julián, Sergio9131715 aFinding aiduhttp://10.13.5.2/tesis/sist112999.pdfzTeclea aquí aBK cTESIS n0 c109460d109460 00104054718TESISaBCbBCd2017-03-10fTESISl0oTesisp33724002530743r2019-12-31 00:00:00w2019-12-31yTESISzRecien adquirido 00102local4053708TESISaBCbBCcPA_TESISd2017-03-10fTESISl0oTesisp33724002530785r2019-12-31 00:00:00tc.2w2019-12-31yTESIS